World development report: jobs (Record no. 83236)

MARC details
000 -LEADER
fixed length control field 00844nam a2200217 a 4500
008 - FIXED-LENGTH DATA ELEMENTS--GENERAL INFORMATION
fixed length control field 160526s2012 ||||||||||||||||| || u
020 ## - INTERNATIONAL STANDARD BOOK NUMBER
International Standard Book Number 9780821395752
050 ## - LIBRARY OF CONGRESS CALL NUMBER
Classification number IBRD(058)WDR/2013A
100 ## - MAIN ENTRY--PERSONAL NAME
Personal name The World Bank
245 10 - TITLE STATEMENT
Title World development report: jobs
Statement of responsibility, etc. by World bank
260 ## - PUBLICATION, DISTRIBUTION, ETC.
Place of publication, distribution, etc. Washington:
Date of publication, distribution, etc. 2012
300 ## - PHYSICAL DESCRIPTION
Extent xviii,401p.:ill.
500 ## - GENERAL NOTE
General note Bibliography
650 #0 - SUBJECT ADDED ENTRY--TOPICAL TERM
Topical term or geographic name entry element ECONOMIC DEVELOPMENT
650 ## - SUBJECT ADDED ENTRY--TOPICAL TERM
Topical term or geographic name entry element UNEMPLOYMENT--CONGRESSES
650 ## - SUBJECT ADDED ENTRY--TOPICAL TERM
Topical term or geographic name entry element WORLD EMPLOYEMENT--CONGRESSES
650 ## - SUBJECT ADDED ENTRY--TOPICAL TERM
Topical term or geographic name entry element LABOUR
710 ## - ADDED ENTRY--CORPORATE NAME
Corporate name or jurisdiction name as entry element World Bank
995 ## -
-- SPECIAL COLLECTIONS
-- 745968
-- CBU-MAIN LIBRARY (Kitwe)
-- IBRD(058)WDR/2013A
-- 1
-- AVAILABLE
-- Jun 22, 2016
-- 745968
-- International Publications
995 ## -
-- SPECIAL COLLECTIONS
-- 745968
-- CBU-MAIN LIBRARY (Kitwe)
-- IBRD(058)WDR/2013B
-- 2
-- AVAILABLE
-- Jun 22, 2016
-- 745969
-- International Publications
999 ## -
-- 83236
-- 83236
Holdings
Withdrawn status Lost status Source of classification or shelving scheme Damaged status Not for loan Permanent Location Current Location Shelving location Date acquired Total Checkouts Full call number Barcode Date last seen Copy number Price effective from Koha item type
          CBU-MAIN LIBRARY, KITWE. CBU-MAIN LIBRARY, KITWE.   10/25/2023   IBRD(058)WDR/2013A 745968 10/25/2023 1 10/25/2023 SPECIAL COLLECTION
          CBU-MAIN LIBRARY, KITWE. CBU-MAIN LIBRARY, KITWE.   10/25/2023   IBRD(058)WDR/2013B 745969 10/25/2023 2 10/25/2023 SPECIAL COLLECTION